jedzenie zaczynające się na litere L - Statystyki

Ogólne statystyki
  • Ten quiz został rozwiązany 1 213 razy
  • Średni wynik to 4 z 7
Statystyki odpowiedzi
Hint Odpowiedź % Poprawnych
1 lizak
81%
3 lody
77%
6 lazania
59%
7 leczo
40%
4 limonka
38%
2 lukrecja
36%
5 landrynki
25%
Nie znaleziono quizów pasujących do podanych kryteriów
Rozkład punktacji
Procent ludzi z każdym wynikiem
Percentyl według liczby udzielonych odpowiedzi
Twoja historia wyników
Nie rozwiązałeś tego quizu